000 00570nam a2200181Ia 4500
008 190805s9999||||xx |||||||||||||| ||und||
020 _a9789810233532
_c
_48.00
082 0 4 _a623.84
_bN86
245 1 0 _aComputational Geometry for Ships /
_ceditors, H. Nowacki, M.I.G. Bloor, B. Oleksiewicz.
260 _aSingapore :
_bWorld Scientific,
_c1995
300 _axii, 238 p.
_b : ill.
_c; 23 cm.
650 0 _aNaval architecture
_xData processing
700 1 _aBloor, M. I. G.
700 1 _aNowacki, H
700 1 _aOleksiewicz, B
942 _cBK
999 _c378
_d378